| 000 | 00755nam a2200241 u 4500 | ||
|---|---|---|---|
| 005 | 20210223131748.0 | ||
| 008 | 120615s2007 es r 000 0 spa d | ||
| 020 | _a8495441209 | ||
| 035 | _aUPN01000185124 | ||
| 049 | _aI | ||
| 050 | 4 |
_aML410 M9 _bP8.8 2007 |
|
| 100 | 1 |
_aPuertas, David _932875 |
|
| 245 | 1 | 0 |
_aW. A. Mozart y la flauta mágica / _cDavid Puertas, Carles Navarro ; il. Rosana Crespo. |
| 250 | _a6a ed. | ||
| 260 |
_aBarcelona, Esp. : _bCM de MC, _c2007. |
||
| 300 |
_a45 p. : _bil. col. |
||
| 440 | 4 | _aLos supermúsicos | |
| 650 | 4 | _aTítulo tomado de la cubierta | |
| 600 | 1 | 4 |
_aMOZART, WOLFGANG AMADEUS, _d1756-1791 - _vLITERATURA JUVENIL _917923 |
| 700 | 1 |
_aNavarro, Carles, _ecoaut. |
|
| 905 | _aInfantil | ||
| 999 |
_c157227 _d157227 |
||